| 000 | 00394nam a2200145 a 4500 | ||
|---|---|---|---|
| 001 | 1552 | ||
| 003 | CDMR | ||
| 005 | 20130116135212.0 | ||
| 008 | 130130s1989||||||||||||||||||||||||||||d | ||
| 040 |
_aCDMR _bcat _cCPC GIRONA |
||
| 100 | 1 |
_aPortell, Joaquim _91163 |
|
| 245 | 1 | 0 |
_aHistòria fotogrà fica de la Penya Doble Set _b1939-1989 _cPortell, Joaquim |
| 260 |
_c1989 _bPenya Doble Set |
||
| 942 | _cMON | ||
| 999 |
_c1552 _d1552 |
||